000 00232 a2200097 4500
001 18466
100 _aMalik H
245 _aIqhal poet and philosopher of Pakistan
260 _a
_bColumbia University
_c1971
090 _c13703
_d13703
942 _aNUST-CAE
_cM
_c4118
999 _c253539
_d253539